UWE primary and early years course reader UG and PG initial teacher training/

Gardado en:
Detalles Bibliográficos
Formato: Libro
Idioma:inglés
Publicado: SAGE 2013
Tags: Engadir etiqueta
Sen Etiquetas, Sexa o primeiro en etiquetar este rexistro!

MARC

LEADER 00000nam a22000007a 4500
008 201221b ||||| |||| 00| 0 eng d
020 |a 978-1-4462-8564-0 
245 |a UWE primary and early years course reader  |b UG and PG initial teacher training/  |c edited by Christine Screech, Karan Vickers-Hulse and Fay Lewis.  |g xxii, 926p.: ill 
250 |c Screech, Christine 
250 |c Vickers-Hulse, Karan 
250 |c Lewis, Fay 
260 |b SAGE  |c 2013  |h Los Angeles  |i 692004  |i 692005   |l LB1507.P93  |m Education, Primary – Handbooks  |m Primary school teachers – Training of  |m Primary school teachers-in-service training  |m Primary school teachers-in-service training 
500 |a “It includes references”. 
942 |a lcc  |c BK  |e O.A. JOHNSON  |f 21/12/20 
952 |0 0  |1 0  |2 lcc  |4 0  |6 LB1507 P93  |7 0  |9 1044  |a HOL  |b ED  |d 2020-12-21  |l 0  |o LB1507 .P93  |p 2020-230263  |r 2020-12-21 00:00:00  |w 2020-12-21  |y BK 
952 |0 0  |1 0  |2 lcc  |4 0  |6 LB1507 P93  |7 0  |9 1045  |a HOL  |b HOL  |d 2020-12-21  |l 0  |o LB1507 .P93  |p 2020-230264  |r 2020-12-21 00:00:00  |w 2020-12-21  |y BK 
999 |c 538  |d 538